LEADER 01740nam0 2200337 i 450 001 VAN0007417 005 20070620120000.0 010 $a88-14-07231-0 020 $aIT$b99 2884 100 $a20020826d1998 |0itac50 ba 101 $aita 102 $aIT 105 $a|||| ||||| 200 1 $aˆI ‰provvedimenti a tutela dei minori$eseparazione, divorzio e situazioni di convivenza$eprocedimenti avanti il tribunale civile, il tribunale dei minorenni ed il giudice tutelare, criteri d'affidamento e diritti per il coniuge non affidatario, contributo al mantenimento, assegnazione della casa coniugale, riconoscimento volontario e giudiziale$fRoberto Thomas, Maurizio Bruno 205 $a2. ed. aggiornata con i nuovi diritti e doveri nel rapporto di convivenza 210 $aMilano$cGiuffrè$d[1998] 215 $aIX, 243 p.$d24 cm. - In appendice: Normativa di riferimento. - Sul dorso: 1998. 410 1$1001VAN0007755$12001 $aCosa & Come. Famiglia$1210 $aMilano$cGiuffrè. 606 $aSeparazione coniugale$xProvvedimenti riguardo ai figli$3VANC000436$2FI 606 $aDivorzio$xProvvedimenti riguardo ai figli$3VANC002342$2FI 620 $dMilano$3VANL000284 676 $a346.45017$v21 700 1$aThomas$bRoberto$3VANV004690$0264135 701 1$aBruno$bMaurizio$3VANV006171$0414773 712 $aGiuffrè $3VANV109181$4650 801 $aIT$bSOL$c20230616$gRICA 899 $aBIBLIOTECA DEL DIPARTIMENTO DI GIURISPRUDENZA$1IT-CE0105$2VAN00 912 $aVAN0007417 950 $aBIBLIOTECA DEL DIPARTIMENTO DI GIURISPRUDENZA$d00CONS XV.Ef.54 $e00 15894 20020827 996 $aProvvedimenti a tutela dei minori$9972911 997 $aUNICAMPANIA LEADER 01581nam0 22003373i 450 001 VAN0269770 005 20240118093509.139 017 70$2N$a9783031212093 100 $a20240118d2023 |0itac50 ba 101 $aben 102 $aCH 105 $a|||| ||||| 200 1 $aDust and Health$eChallenges and Solutions$fAli Al-Dousari, Muhammad Zaffar Hashmi editors 210 $aCham$cSpringer$d2023 215 $aXVI, 248 p.$cill.$d24 cm 410 1$1001VAN0238466$12001 $aEmerging Contaminants and Associated Treatment Technologies$1210 $aCham$cSpringer$d2020- 620 $aCH$dCham$3VANL001889 702 1$aAl-Dousari$bAli$3VANV197625 702 1$aHashmi$bMuhammad Z.$3VANV195498 712 $aSpringer $3VANV108073$4650 790 1$aHashmi, Muhammad Zaffar$zHashmi, Muhammad Z.$3VANV195499 790 1$aHashmi, M. Z.$zHashmi, Muhammad Z.$3VANV195500 790 1$aHashmi, M.Z.$zHashmi, Muhammad Z.$3VANV200940 801 $aIT$bSOL$c20240614$gRICA 856 4 $uhttps://link.springer.com/openurl?genre=book&isbn=978-3-031-21209-3$zE-book - Accesso al full-text attraverso riconoscimento IP di Ateneo, proxy e/o Shibboleth 899 $aBIBLIOTECA DEL DIPARTIMENTO DI SCIENZE E TECNOLOGIE AMBIENTALI BIOLOGICHE E FARMACEUTICHE$1IT-CE0101$2VAN17 912 $fN 912 $aVAN0269770 950 $aBIBLIOTECA DEL DIPARTIMENTO DI SCIENZE E TECNOLOGIE AMBIENTALI BIOLOGICHE E FARMACEUTICHE$d17CONS e-book 2310 $e17BIB2310/82 82 20240118 996 $aDust and Health$93374621 997 $aUNICAMPANIA